Hegemonia em xeque /

Uloženo v:
Podrobná bibliografie
Hlavní autor: Boron, Atilio
Médium: Text
Tagy: Přidat tag
Žádné tagy, Buďte první, kdo vytvoří štítek k tomuto záznamu!

MARC

LEADER 00000 a a2200000 04500
001 48877
003
040
100 |a Boron, Atilio  
245 |a Hegemonia em xeque /  |c Atilio Boron; redacción de Elisa Monteiro 
700 |a Monteiro, Eliza   |e  redactor 
773 |g páginas 38-39  
999 |c 24502  |d 24502